LEADER 00762nam0-2200277 --450 001 9911068023303321 005 20260317113436.0 100 $a20260317d1987----kmuy0itay5050 ba 101 0 $aita 102 $aIT 105 $aa c 001yy 200 1 $aAlfabeto napoletano$fRenato de Falco 205 $aRist. conforme alla 1. ed. del 1985 210 $aNapoli$cColonnese Editore$d1987 215 $a340 p.$cill.$d21 cm 225 1 $aNapoletana$v2 610 0 $aDialetti campani$aNapoli 676 $a457.7303 700 1$aDe Falco,$bRenato$035906 801 0$aIT$bUNINA$gREICAT$2UNIMARC 901 $aBK 912 $a9911068023303321 952 $aDE FUSCO 2355$bRDF 2433$fDARST 959 $aDARST 996 $aAlfabeto napoletano$9148233 997 $aUNINA